000 003460000a22001450004500
001 001754
003 MACL
040 _aMACL
090 _c13747
_d13746
100 _aBhatt, G.P.
245 _aAncient Indian Tradition & Mythology Vol.57
_cG.P. Bhatt
260 _aMotilal Banarsidass publishers,
_c1996
650 _aReligion
942 _k295
_cBook
999 _c13671
_d13671